[Event "April 9 Late 2024"]
[Site "Chess.com"]
[Date "2024.04.09"]
[Round "6"]
[White "Novik, Maxim"]
[Black "Goltsev, Dmitry"]
[Result "0-1"]
[Board "54"]
[WhiteFideId "4102924"]
[BlackFideId "24176710"]
[WhiteTitle "GM"]
[BlackTitle "FM"]
[WhiteElo "2580"]
[BlackElo "2761"]
[WhiteTeam "LTU"]
[BlackTeam "RUS"]
[WhiteClock "0:00:00"]
[BlackClock "0:00:07"]
[Variant "Standard"]

1. e4 {[%clk 0:03:00]}  e6 {[%clk 0:02:54]} 2. d4 {[%clk 0:03:00]}  d5 {[%clk 0:02:54]} 3. e5 {[%clk 0:03:00]}  c5 {[%clk 0:02:53]} 4. c3 {[%clk 0:03:01]}  Nc6 {[%clk 0:02:53]} 5. Nf3 {[%clk 0:03:01]}  cxd4 {[%clk 0:02:53]} 6. cxd4 {[%clk 0:03:01]}  Nge7 {[%clk 0:02:53]} 7. Na3 {[%clk 0:03:00]}  Nf5 {[%clk 0:02:53]} 8. Nc2 {[%clk 0:02:59]}  h5 {[%clk 0:02:54]} 9. Bd3 {[%clk 0:02:57]}  Be7 {[%clk 0:02:52]} 10. h4 {[%clk 0:02:47]}  Qb6 {[%clk 0:02:47]} 11. Bxf5 {[%clk 0:02:36]}  exf5 {[%clk 0:02:48]} 12. O-O {[%clk 0:02:35]}  Be6 {[%clk 0:02:45]} 13. Bg5 {[%clk 0:02:29]}  Rc8 {[%clk 0:02:39]} 14. Qd2 {[%clk 0:02:05]}  Nb4 {[%clk 0:02:13]} 15. Ne3 {[%clk 0:01:49]}  Bxg5 {[%clk 0:02:03]} 16. Nxg5 {[%clk 0:01:48]}  Kd7 {[%clk 0:02:03]} 17. Rfc1 {[%clk 0:01:41]}  Rxc1+ {[%clk 0:01:53]} 18. Rxc1 {[%clk 0:01:33]}  Nxa2 {[%clk 0:01:51]} 19. Rc5 {[%clk 0:01:33]}  Nb4 {[%clk 0:01:46]} 20. g3 {[%clk 0:01:11]}  Rc8 {[%clk 0:01:42]} 21. Rxc8 {[%clk 0:01:01]}  Kxc8 {[%clk 0:01:43]} 22. Ng2 {[%clk 0:00:59]}  Nc6 {[%clk 0:01:41]} 23. Nxe6 {[%clk 0:00:56]}  fxe6 {[%clk 0:01:40]} 24. Qg5 {[%clk 0:00:56]}  Nxd4 {[%clk 0:01:04]} 25. Qxh5 {[%clk 0:00:55]}  Qb5 {[%clk 0:00:56]} 26. Qh8+ {[%clk 0:00:52]}  Kc7 {[%clk 0:00:55]} 27. Qxg7+ {[%clk 0:00:52]}  Kb6 {[%clk 0:00:56]} 28. Nf4 {[%clk 0:00:51]}  Qxb2 {[%clk 0:00:48]} 29. h5 {[%clk 0:00:50]}  Nf3+ {[%clk 0:00:45]} 30. Kg2 {[%clk 0:00:49]}  Qxe5 {[%clk 0:00:41]} 31. Qg6 {[%clk 0:00:28]}  Nd4 {[%clk 0:00:30]} 32. h6 {[%clk 0:00:21]}  Qe4+ {[%clk 0:00:26]} 33. Kh2 {[%clk 0:00:17]}  Nf3+ {[%clk 0:00:16]} 34. Kh3 {[%clk 0:00:17]}  Ka5 {[%clk 0:00:12]} 35. h7 {[%clk 0:00:15]}  Ne5 {[%clk 0:00:11]} 36. Kh2 {[%clk 0:00:04]}  Nf3+ {[%clk 0:00:09]} 37. Kh3 {[%clk 0:00:03]}  Ne5 {[%clk 0:00:09]} 38. Kh2 {[%clk 0:00:04]}  Qf3 {[%clk 0:00:08]} 39. h8=Q {[%clk 0:00:02]}  Qxf2+ {[%clk 0:00:08]} 40. Kh3 {[%clk 0:00:02]}  Nxg6 {[%clk 0:00:07]} 41. Nxg6 {[%clk 0:00:00]}  Qe1 {[%clk 0:00:07]} 0-1

[Event "April 9 Late 2024"]
[Site "Chess.com"]
[Date "2024.04.09"]
[Round "6"]
[White "Avila Bautista, Roberto Al"]
[Black "Perea Fruet, Lorenzo"]
[Result "1/2-1/2"]
[Board "56"]
[WhiteFideId "5119987"]
[BlackFideId "24595870"]
[WhiteTitle "CM"]
[BlackTitle "FM"]
[WhiteElo "2559"]
[BlackElo "2738"]
[WhiteTeam "MEX"]
[BlackTeam "ESP"]
[WhiteClock "0:00:11"]
[BlackClock "0:00:22"]
[Variant "Standard"]

1. Nf3 {[%clk 0:02:59]}  b6 {[%clk 0:02:59]} 2. g3 {[%clk 0:02:58]}  Bb7 {[%clk 0:02:59]} 3. Bg2 {[%clk 0:02:58]}  Nf6 {[%clk 0:02:59]} 4. O-O {[%clk 0:02:58]}  g6 {[%clk 0:03:00]} 5. c4 {[%clk 0:02:57]}  c5 {[%clk 0:03:00]} 6. Nc3 {[%clk 0:02:57]}  Bg7 {[%clk 0:03:00]} 7. b3 {[%clk 0:02:54]}  Ne4 {[%clk 0:02:56]} 8. Bb2 {[%clk 0:02:54]}  Nxc3 {[%clk 0:02:56]} 9. Bxc3 {[%clk 0:02:55]}  Bxc3 {[%clk 0:02:56]} 10. dxc3 {[%clk 0:02:55]}  O-O {[%clk 0:02:56]} 11. Qd2 {[%clk 0:02:56]}  Kg7 {[%clk 0:02:48]} 12. Qe3 {[%clk 0:02:54]}  d6 {[%clk 0:02:47]} 13. h4 {[%clk 0:02:51]}  h5 {[%clk 0:02:41]} 14. Rfd1 {[%clk 0:02:38]}  Nd7 {[%clk 0:02:40]} 15. Ng5 {[%clk 0:02:27]}  Bxg2 {[%clk 0:02:39]} 16. Kxg2 {[%clk 0:02:28]}  Nf6 {[%clk 0:02:33]} 17. Qf3 {[%clk 0:02:23]}  Qd7 {[%clk 0:02:24]} 18. e4 {[%clk 0:02:19]}  Qg4 {[%clk 0:02:20]} 19. Re1 {[%clk 0:02:10]}  Qxf3+ {[%clk 0:02:18]} 20. Kxf3 {[%clk 0:02:10]}  Nd7 {[%clk 0:02:11]} 21. Rad1 {[%clk 0:02:00]}  a6 {[%clk 0:02:10]} 22. a4 {[%clk 0:01:51]}  Rfb8 {[%clk 0:02:08]} 23. Ra1 {[%clk 0:01:45]}  Ra7 {[%clk 0:02:04]} 24. Ke3 {[%clk 0:01:33]}  Rab7 {[%clk 0:01:58]} 25. f4 {[%clk 0:01:26]}  Nf8 {[%clk 0:01:50]} 26. Nf3 {[%clk 0:01:25]}  Ne6 {[%clk 0:01:44]} 27. Red1 {[%clk 0:01:23]}  Kf8 {[%clk 0:01:39]} 28. e5 {[%clk 0:01:20]}  dxe5 {[%clk 0:01:37]} 29. Nxe5 {[%clk 0:01:21]}  Ng7 {[%clk 0:01:27]} 30. Nd7+ {[%clk 0:01:20]}  Ke8 {[%clk 0:01:24]} 31. Nxb8 {[%clk 0:01:19]}  Rxb8 {[%clk 0:01:24]} 32. Rd3 {[%clk 0:01:18]}  Nf5+ {[%clk 0:01:24]} 33. Kf3 {[%clk 0:01:17]}  Nd6 {[%clk 0:01:23]} 34. Re1 {[%clk 0:01:13]}  Kd7 {[%clk 0:01:22]} 35. Rde3 {[%clk 0:01:12]}  Nf5 {[%clk 0:01:19]} 36. Rd1+ {[%clk 0:01:12]}  Kc7 {[%clk 0:01:19]} 37. Re5 {[%clk 0:01:11]}  Kc6 {[%clk 0:01:16]} 38. Rdd5 {[%clk 0:01:01]}  e6 {[%clk 0:01:07]} 39. Rd1 {[%clk 0:00:58]}  b5 {[%clk 0:01:07]} 40. cxb5+ {[%clk 0:00:56]}  axb5 {[%clk 0:01:08]} 41. a5 {[%clk 0:00:53]}  b4 {[%clk 0:01:08]} 42. c4 {[%clk 0:00:47]}  Nd4+ {[%clk 0:01:07]} 43. Rxd4 {[%clk 0:00:43]}  cxd4 {[%clk 0:01:08]} 44. Ke4 {[%clk 0:00:43]}  Rd8 {[%clk 0:01:07]} 45. Kd3 {[%clk 0:00:41]}  Rd7 {[%clk 0:01:06]} 46. Rb5 {[%clk 0:00:41]}  f6 {[%clk 0:00:59]} 47. Rb6+ {[%clk 0:00:40]}  Kc5 {[%clk 0:00:56]} 48. Rxe6 {[%clk 0:00:33]}  Ra7 {[%clk 0:00:57]} 49. a6 {[%clk 0:00:31]}  Rf7 {[%clk 0:00:55]} 50. Ke4 {[%clk 0:00:24]}  Rd7 {[%clk 0:00:51]} 51. Rxf6 {[%clk 0:00:23]}  d3 {[%clk 0:00:50]} 52. a7 {[%clk 0:00:23]}  Rxa7 {[%clk 0:00:45]} 53. Kxd3 {[%clk 0:00:24]}  Ra3 {[%clk 0:00:45]} 54. Rxg6 {[%clk 0:00:24]}  Rxb3+ {[%clk 0:00:46]} 55. Ke4 {[%clk 0:00:24]}  Rb1 {[%clk 0:00:41]} 56. Rg5+ {[%clk 0:00:22]}  Kxc4 {[%clk 0:00:41]} 57. Rxh5 {[%clk 0:00:22]}  Re1+ {[%clk 0:00:37]} 58. Kf5 {[%clk 0:00:19]}  b3 {[%clk 0:00:37]} 59. Rh8 {[%clk 0:00:19]}  b2 {[%clk 0:00:23]} 60. Rb8 {[%clk 0:00:18]}  b1=Q+ {[%clk 0:00:24]} 61. Rxb1 {[%clk 0:00:18]}  Rxb1 {[%clk 0:00:24]} 62. h5 {[%clk 0:00:18]}  Rh1 {[%clk 0:00:20]} 63. Kg6 {[%clk 0:00:14]}  Rg1 {[%clk 0:00:20]} 64. h6 {[%clk 0:00:12]}  Rxg3+ {[%clk 0:00:21]} 65. Kf7 {[%clk 0:00:11]}  Rf3 {[%clk 0:00:20]} 66. h7 {[%clk 0:00:11]}  Rxf4+ {[%clk 0:00:21]} 67. Kg7 {[%clk 0:00:12]}  Rh4 {[%clk 0:00:21]} 68. h8=Q {[%clk 0:00:11]}  Rxh8 {[%clk 0:00:22]} 69. Kxh8 {[%clk 0:00:11]} 1/2-1/2

[Event "April 9 Late 2024"]
[Site "Chess.com"]
[Date "2024.04.09"]
[Round "6"]
[White "Nazari, Arad"]
[Black "Play, Gilles"]
[Result "1-0"]
[Board "58"]
[WhiteFideId "12577324"]
[BlackFideId "45130892"]
[WhiteTitle "IM"]
[WhiteElo "2690"]
[BlackElo "2554"]
[WhiteTeam "IRI"]
[BlackTeam "FRA"]
[WhiteClock "0:00:08"]
[BlackClock "0:00:04"]
[Variant "Standard"]

1. e4 {[%clk 0:03:00]}  e5 {[%clk 0:02:59]} 2. f4 {[%clk 0:03:01]}  exf4 {[%clk 0:02:56]} 3. Nf3 {[%clk 0:03:01]}  g5 {[%clk 0:02:53]} 4. h4 {[%clk 0:03:01]}  g4 {[%clk 0:02:46]} 5. Ne5 {[%clk 0:03:00]}  d5 {[%clk 0:02:34]} 6. d4 {[%clk 0:02:55]}  Nf6 {[%clk 0:02:23]} 7. Bxf4 {[%clk 0:02:31]}  Nxe4 {[%clk 0:02:16]} 8. Nd2 {[%clk 0:02:29]}  Qf6 {[%clk 0:02:02]} 9. g3 {[%clk 0:02:01]}  Bf5 {[%clk 0:01:19]} 10. Bd3 {[%clk 0:01:33]}  Bh6 {[%clk 0:01:04]} 11. O-O {[%clk 0:01:13]}  Bg7 {[%clk 0:00:17]} 12. Qe2 {[%clk 0:00:46]}  Nc6 {[%clk 0:00:15]} 13. Nxe4 {[%clk 0:00:45]}  dxe4 {[%clk 0:00:14]} 14. Bxe4 {[%clk 0:00:40]}  Nxd4 {[%clk 0:00:13]} 15. Qe3 {[%clk 0:00:32]}  O-O-O {[%clk 0:00:08]} 16. Bxf5+ {[%clk 0:00:21]}  Nxf5 {[%clk 0:00:08]} 17. Qxa7 {[%clk 0:00:18]}  Qb6+ {[%clk 0:00:06]} 18. Qxb6 {[%clk 0:00:18]}  cxb6 {[%clk 0:00:07]} 19. Nxf7 {[%clk 0:00:19]}  Bxb2 {[%clk 0:00:07]} 20. Rab1 {[%clk 0:00:13]}  Bd4+ {[%clk 0:00:06]} 21. Kh1 {[%clk 0:00:14]}  Rhf8 {[%clk 0:00:02]} 22. Nxd8 {[%clk 0:00:14]}  Rxd8 {[%clk 0:00:03]} 23. Bg5 {[%clk 0:00:09]}  Nxg3+ {[%clk 0:00:03]} 24. Kg2 {[%clk 0:00:10]}  Nxf1 {[%clk 0:00:03]} 25. Rxf1 {[%clk 0:00:06]}  Re8 {[%clk 0:00:04]} 26. Rf7 {[%clk 0:00:04]}  Re2+ {[%clk 0:00:04]} 27. Kg3 {[%clk 0:00:05]}  Rxc2 {[%clk 0:00:05]} 28. Rf8+ {[%clk 0:00:05]}  Kd7 {[%clk 0:00:05]} 29. Rd8+ {[%clk 0:00:05]}  Ke6 {[%clk 0:00:04]} 30. Rxd4 {[%clk 0:00:06]}  Kf5 {[%clk 0:00:03]} 31. Rf4+ {[%clk 0:00:05]}  Ke5 {[%clk 0:00:03]} 32. Kxg4 {[%clk 0:00:06]}  Rg2+ {[%clk 0:00:03]} 33. Kh5 {[%clk 0:00:06]}  Rxa2 {[%clk 0:00:04]} 34. Rb4 {[%clk 0:00:06]}  Ra6 {[%clk 0:00:03]} 35. Kh6 {[%clk 0:00:04]}  Kd5 {[%clk 0:00:03]} 36. Kxh7 {[%clk 0:00:04]}  Kc5 {[%clk 0:00:04]} 37. Rb1 {[%clk 0:00:05]}  b5 {[%clk 0:00:04]} 38. h5 {[%clk 0:00:05]}  b4 {[%clk 0:00:04]} 39. h6 {[%clk 0:00:06]}  Kc4 {[%clk 0:00:04]} 40. Kg7 {[%clk 0:00:06]}  Rxh6 {[%clk 0:00:03]} 41. Kxh6 {[%clk 0:00:06]}  b3 {[%clk 0:00:04]} 42. Bf6 {[%clk 0:00:07]}  b5 {[%clk 0:00:04]} 43. Kg5 {[%clk 0:00:07]}  Kb4 {[%clk 0:00:03]} 44. Kf4 {[%clk 0:00:08]}  Ka3 {[%clk 0:00:04]} 45. Ke3 {[%clk 0:00:08]}  b2 {[%clk 0:00:04]} 46. Kd2 {[%clk 0:00:08]}  b4 {[%clk 0:00:05]} 47. Rxb2 {[%clk 0:00:07]}  b3 {[%clk 0:00:04]} 48. Kc3 {[%clk 0:00:08]} 1-0

[Event "April 9 Late 2024"]
[Site "Chess.com"]
[Date "2024.04.09"]
[Round "6"]
[White "Asish Panda"]
[Black "Tigran Mukhutdinov"]
[Result "0-1"]
[Board "59"]
[WhiteFideId "45012458"]
[BlackFideId "34108570"]
[BlackTitle "FM"]
[WhiteElo "2553"]
[BlackElo "2689"]
[WhiteTeam "IND"]
[BlackTeam "RUS"]
[WhiteClock "0:00:04"]
[BlackClock "0:00:35"]
[Variant "Standard"]

1. e4 {[%clk 0:03:00]}  c5 {[%clk 0:02:59]} 2. Nf3 {[%clk 0:03:00]}  Nc6 {[%clk 0:02:57]} 3. Bb5 {[%clk 0:02:58]}  Na5 {[%clk 0:02:54]} 4. O-O {[%clk 0:02:55]}  e6 {[%clk 0:02:53]} 5. c3 {[%clk 0:02:51]}  a6 {[%clk 0:02:53]} 6. Be2 {[%clk 0:02:49]}  d6 {[%clk 0:02:54]} 7. d4 {[%clk 0:02:48]}  cxd4 {[%clk 0:02:54]} 8. Nxd4 {[%clk 0:02:48]}  Nf6 {[%clk 0:02:51]} 9. Bf3 {[%clk 0:02:47]}  e5 {[%clk 0:02:50]} 10. Nb3 {[%clk 0:02:43]}  Be7 {[%clk 0:02:47]} 11. Bg5 {[%clk 0:02:39]}  Nc6 {[%clk 0:02:43]} 12. N1d2 {[%clk 0:02:35]}  O-O {[%clk 0:02:41]} 13. Nc4 {[%clk 0:02:35]}  b5 {[%clk 0:02:39]} 14. Ne3 {[%clk 0:02:34]}  Be6 {[%clk 0:02:38]} 15. Bxf6 {[%clk 0:02:27]}  Bxf6 {[%clk 0:02:38]} 16. Nd5 {[%clk 0:02:27]}  Bg5 {[%clk 0:02:37]} 17. g3 {[%clk 0:02:23]}  Ne7 {[%clk 0:02:36]} 18. Nxe7+ {[%clk 0:02:20]}  Bxe7 {[%clk 0:02:37]} 19. Bg2 {[%clk 0:02:19]}  Qb6 {[%clk 0:02:36]} 20. Qd2 {[%clk 0:02:17]}  a5 {[%clk 0:02:35]} 21. Rad1 {[%clk 0:02:13]}  a4 {[%clk 0:02:35]} 22. Nc1 {[%clk 0:02:13]}  a3 {[%clk 0:02:32]} 23. b3 {[%clk 0:02:11]}  Rac8 {[%clk 0:02:31]} 24. Ne2 {[%clk 0:02:07]}  Rfd8 {[%clk 0:02:29]} 25. Rc1 {[%clk 0:02:03]}  Qc5 {[%clk 0:02:27]} 26. Rfd1 {[%clk 0:02:01]}  f5 {[%clk 0:02:27]} 27. exf5 {[%clk 0:01:59]}  Bxf5 {[%clk 0:02:28]} 28. Qd5+ {[%clk 0:01:50]}  Qxd5 {[%clk 0:02:25]} 29. Bxd5+ {[%clk 0:01:51]}  Kf8 {[%clk 0:02:25]} 30. c4 {[%clk 0:01:47]}  b4 {[%clk 0:02:18]} 31. Kg2 {[%clk 0:01:40]}  Bg5 {[%clk 0:02:14]} 32. f4 {[%clk 0:01:38]}  Bf6 {[%clk 0:02:14]} 33. fxe5 {[%clk 0:01:35]}  dxe5 {[%clk 0:02:13]} 34. Rf1 {[%clk 0:01:33]}  Bd3 {[%clk 0:02:12]} 35. Rce1 {[%clk 0:01:21]}  Rxd5 {[%clk 0:02:02]} 36. cxd5 {[%clk 0:01:22]}  Rc2 {[%clk 0:02:02]} 37. Rf2 {[%clk 0:01:16]}  Rxa2 {[%clk 0:02:02]} 38. Nc1 {[%clk 0:01:10]}  Rxf2+ {[%clk 0:02:01]} 39. Kxf2 {[%clk 0:01:10]}  Bb1 {[%clk 0:01:54]} 40. Re2 {[%clk 0:01:00]}  e4 {[%clk 0:01:39]} 41. Na2 {[%clk 0:00:52]}  Bd4+ {[%clk 0:01:39]} 42. Ke1 {[%clk 0:00:45]}  Bb2 {[%clk 0:01:32]} 43. Kd2 {[%clk 0:00:28]}  Bxa2 {[%clk 0:00:54]} 44. Kc2 {[%clk 0:00:27]}  Ke7 {[%clk 0:00:53]} 45. Rxe4+ {[%clk 0:00:27]}  Kd6 {[%clk 0:00:53]} 46. Rxb4 {[%clk 0:00:26]}  Kxd5 {[%clk 0:00:54]} 47. Rb7 {[%clk 0:00:23]}  h6 {[%clk 0:00:54]} 48. Rd7+ {[%clk 0:00:17]}  Kc6 {[%clk 0:00:52]} 49. Ra7 {[%clk 0:00:15]}  Kb6 {[%clk 0:00:51]} 50. Ra4 {[%clk 0:00:14]}  Kb5 {[%clk 0:00:50]} 51. Ra8 {[%clk 0:00:14]}  Kb4 {[%clk 0:00:49]} 52. Ra4+ {[%clk 0:00:13]}  Kc5 {[%clk 0:00:49]} 53. Ra8 {[%clk 0:00:14]}  Kd4 {[%clk 0:00:49]} 54. Re8 {[%clk 0:00:06]}  Kd5 {[%clk 0:00:48]} 55. h3 {[%clk 0:00:04]}  Be5 {[%clk 0:00:48]} 56. g4 {[%clk 0:00:03]}  Ke4 {[%clk 0:00:42]} 57. Ra8 {[%clk 0:00:02]}  Bb2 {[%clk 0:00:42]} 58. Rf8 {[%clk 0:00:03]}  Ke5 {[%clk 0:00:38]} 59. Rf7 {[%clk 0:00:03]}  Ke6 {[%clk 0:00:38]} 60. Ra7 {[%clk 0:00:03]}  Kf6 {[%clk 0:00:37]} 61. Ra6+ {[%clk 0:00:03]}  Kg5 {[%clk 0:00:38]} 62. Ra5+ {[%clk 0:00:04]}  Kh4 {[%clk 0:00:38]} 63. Rh5+ {[%clk 0:00:05]}  Kg3 {[%clk 0:00:39]} 64. g5 {[%clk 0:00:06]}  hxg5 {[%clk 0:00:37]} 65. Rxg5+ {[%clk 0:00:06]}  Kxh3 {[%clk 0:00:38]} 66. Rg6 {[%clk 0:00:04]}  Kh4 {[%clk 0:00:37]} 67. Rg1 {[%clk 0:00:01]}  g5 {[%clk 0:00:37]} 68. Rh1+ {[%clk 0:00:02]}  Kg4 {[%clk 0:00:37]} 69. Rg1+ {[%clk 0:00:02]}  Kf5 {[%clk 0:00:38]} 70. Rf1+ {[%clk 0:00:03]}  Kg6 {[%clk 0:00:38]} 71. Rg1 {[%clk 0:00:03]}  Bd4 {[%clk 0:00:37]} 72. Rg4 {[%clk 0:00:03]}  Bb2 {[%clk 0:00:34]} 73. Rg1 {[%clk 0:00:03]}  Kf6 {[%clk 0:00:33]} 74. Rf1+ {[%clk 0:00:03]}  Ke5 {[%clk 0:00:34]} 75. Re1+ {[%clk 0:00:04]}  Kf4 {[%clk 0:00:33]} 76. Rf1+ {[%clk 0:00:04]}  Ke4 {[%clk 0:00:33]} 77. Rg1 {[%clk 0:00:03]}  Bf6 {[%clk 0:00:32]} 78. Rg4+ {[%clk 0:00:03]}  Kf3 {[%clk 0:00:32]} 79. Ra4 {[%clk 0:00:04]}  Bb2 {[%clk 0:00:32]} 80. Ra8 {[%clk 0:00:03]}  g4 {[%clk 0:00:32]} 81. Rf8+ {[%clk 0:00:03]}  Kg2 {[%clk 0:00:33]} 82. Rg8 {[%clk 0:00:02]}  g3 {[%clk 0:00:33]} 83. Rg7 {[%clk 0:00:03]}  Kf2 {[%clk 0:00:33]} 84. Rf7+ {[%clk 0:00:02]}  Kg1 {[%clk 0:00:34]} 85. Rg7 {[%clk 0:00:03]}  Bxg7 {[%clk 0:00:34]} 86. b4 {[%clk 0:00:03]}  g2 {[%clk 0:00:34]} 87. b5 {[%clk 0:00:04]}  Bd5 {[%clk 0:00:35]} 0-1

[Event "April 9 Late 2024"]
[Site "Chess.com"]
[Date "2024.04.09"]
[Round "6"]
[White "Santos Flores, Alberto"]
[Black "Olsen, Filip Boe"]
[Result "0-1"]
[Board "60"]
[WhiteFideId "3601234"]
[BlackFideId "1440640"]
[WhiteTitle "IM"]
[BlackTitle "IM"]
[WhiteElo "2545"]
[BlackElo "2684"]
[WhiteTeam "ECU"]
[BlackTeam "DEN"]
[WhiteClock "0:00:00"]
[BlackClock "0:00:23"]
[Variant "Standard"]

1. e4 {[%clk 0:03:00]}  c5 {[%clk 0:02:54]} 2. Nf3 {[%clk 0:03:00]}  d6 {[%clk 0:02:54]} 3. Bb5+ {[%clk 0:03:00]}  Bd7 {[%clk 0:02:52]} 4. c4 {[%clk 0:02:59]}  e5 {[%clk 0:02:52]} 5. Bxd7+ {[%clk 0:02:58]}  Qxd7 {[%clk 0:02:51]} 6. Nc3 {[%clk 0:02:57]}  Nc6 {[%clk 0:02:52]} 7. O-O {[%clk 0:02:57]}  Be7 {[%clk 0:02:52]} 8. d3 {[%clk 0:02:56]}  Bd8 {[%clk 0:02:53]} 9. Nd5 {[%clk 0:02:53]}  Nge7 {[%clk 0:02:52]} 10. Ne1 {[%clk 0:02:47]}  O-O {[%clk 0:02:51]} 11. Nc2 {[%clk 0:02:46]}  f5 {[%clk 0:02:51]} 12. Nxe7+ {[%clk 0:02:39]}  Bxe7 {[%clk 0:02:50]} 13. exf5 {[%clk 0:02:39]}  Rxf5 {[%clk 0:02:44]} 14. Ne3 {[%clk 0:02:39]}  Rf6 {[%clk 0:02:38]} 15. Nd5 {[%clk 0:02:39]}  Rg6 {[%clk 0:02:39]} 16. Be3 {[%clk 0:02:33]}  Rf8 {[%clk 0:02:37]} 17. Kh1 {[%clk 0:02:27]}  Bd8 {[%clk 0:02:31]} 18. f4 {[%clk 0:02:24]}  exf4 {[%clk 0:02:24]} 19. Rxf4 {[%clk 0:02:22]}  Rxf4 {[%clk 0:02:20]} 20. Nxf4 {[%clk 0:02:18]}  Rf6 {[%clk 0:02:19]} 21. Nd5 {[%clk 0:02:18]}  Rf8 {[%clk 0:02:19]} 22. Qh5 {[%clk 0:02:15]}  Bf6 {[%clk 0:02:16]} 23. Rf1 {[%clk 0:02:11]}  Qd8 {[%clk 0:01:46]} 24. b3 {[%clk 0:01:36]}  Be5 {[%clk 0:01:44]} 25. Rf3 {[%clk 0:01:22]}  Rxf3 {[%clk 0:01:39]} 26. Qxf3 {[%clk 0:01:21]}  Qh4 {[%clk 0:01:40]} 27. g3 {[%clk 0:01:13]}  Qd8 {[%clk 0:01:38]} 28. Kg2 {[%clk 0:01:11]}  Qe8 {[%clk 0:01:33]} 29. Qf5 {[%clk 0:01:06]}  Bd4 {[%clk 0:01:28]} 30. Qe4 {[%clk 0:00:26]}  Qxe4+ {[%clk 0:01:23]} 31. dxe4 {[%clk 0:00:27]}  Kf7 {[%clk 0:01:23]} 32. Kf3 {[%clk 0:00:27]}  Ne5+ {[%clk 0:01:19]} 33. Ke2 {[%clk 0:00:25]}  Bxe3 {[%clk 0:01:16]} 34. Nxe3 {[%clk 0:00:25]}  Ke6 {[%clk 0:01:14]} 35. h3 {[%clk 0:00:24]}  Nc6 {[%clk 0:01:13]} 36. Nd5 {[%clk 0:00:20]}  Ke5 {[%clk 0:01:08]} 37. Ke3 {[%clk 0:00:20]}  Nd4 {[%clk 0:01:05]} 38. Nf4 {[%clk 0:00:19]}  Nc2+ {[%clk 0:01:05]} 39. Kd2 {[%clk 0:00:16]}  Nb4 {[%clk 0:01:06]} 40. a3 {[%clk 0:00:17]}  Nc6 {[%clk 0:01:06]} 41. Ke3 {[%clk 0:00:15]}  Na5 {[%clk 0:01:06]} 42. Nd3+ {[%clk 0:00:15]}  Kf6 {[%clk 0:01:06]} 43. Nc1 {[%clk 0:00:16]}  Ke5 {[%clk 0:01:04]} 44. Nd3+ {[%clk 0:00:16]}  Ke6 {[%clk 0:01:05]} 45. Nc1 {[%clk 0:00:17]}  Nc6 {[%clk 0:01:03]} 46. Nd3 {[%clk 0:00:16]}  Nd4 {[%clk 0:01:03]} 47. b4 {[%clk 0:00:16]}  Nc2+ {[%clk 0:01:02]} 48. Kd2 {[%clk 0:00:16]}  Nxa3 {[%clk 0:01:03]} 49. bxc5 {[%clk 0:00:16]}  Nxc4+ {[%clk 0:01:02]} 50. Kc3 {[%clk 0:00:17]}  Ne5 {[%clk 0:01:00]} 51. Nf4+ {[%clk 0:00:15]}  Kd7 {[%clk 0:00:59]} 52. Kd4 {[%clk 0:00:16]}  Nc6+ {[%clk 0:00:58]} 53. Kd5 {[%clk 0:00:16]}  Nb4+ {[%clk 0:00:58]} 54. Kc4 {[%clk 0:00:16]}  dxc5 {[%clk 0:00:59]} 55. Kxc5 {[%clk 0:00:16]}  Nc6 {[%clk 0:00:57]} 56. Kd5 {[%clk 0:00:16]}  Ne7+ {[%clk 0:00:56]} 57. Kc5 {[%clk 0:00:15]}  Ng6 {[%clk 0:00:54]} 58. Nd5 {[%clk 0:00:14]}  Ke6 {[%clk 0:00:50]} 59. Kd4 {[%clk 0:00:12]}  Ne7 {[%clk 0:00:45]} 60. Nf4+ {[%clk 0:00:12]}  Kd6 {[%clk 0:00:45]} 61. Nd3 {[%clk 0:00:11]}  Nc6+ {[%clk 0:00:45]} 62. Ke3 {[%clk 0:00:11]}  a5 {[%clk 0:00:44]} 63. Kf4 {[%clk 0:00:10]}  b6 {[%clk 0:00:43]} 64. e5+ {[%clk 0:00:10]}  Ke6 {[%clk 0:00:43]} 65. Ke4 {[%clk 0:00:10]}  a4 {[%clk 0:00:43]} 66. Nf4+ {[%clk 0:00:10]}  Kd7 {[%clk 0:00:41]} 67. Kd5 {[%clk 0:00:10]}  Ne7+ {[%clk 0:00:38]} 68. Kc4 {[%clk 0:00:09]}  Nf5 {[%clk 0:00:38]} 69. g4 {[%clk 0:00:08]}  Ne3+ {[%clk 0:00:36]} 70. Kb4 {[%clk 0:00:08]}  g5 {[%clk 0:00:34]} 71. Nd3 {[%clk 0:00:07]}  b5 {[%clk 0:00:32]} 72. Kxb5 {[%clk 0:00:07]}  a3 {[%clk 0:00:32]} 73. Nb4 {[%clk 0:00:06]}  Ke6 {[%clk 0:00:32]} 74. Ka4 {[%clk 0:00:05]}  Nd5 {[%clk 0:00:25]} 75. Nc2 {[%clk 0:00:02]}  a2 {[%clk 0:00:23]} 76. Kb3 {[%clk 0:00:03]}  Kxe5 {[%clk 0:00:23]} 77. Kxa2 {[%clk 0:00:03]}  Kf4 {[%clk 0:00:24]} 78. Kb3 {[%clk 0:00:03]}  Kg3 {[%clk 0:00:24]} 79. Kc4 {[%clk 0:00:03]}  Nf4 {[%clk 0:00:24]} 80. Ne3 {[%clk 0:00:02]}  Nxh3 {[%clk 0:00:24]} 81. Kd4 {[%clk 0:00:02]}  Nf2 {[%clk 0:00:25]} 82. Ke5 {[%clk 0:00:02]}  Nxg4+ {[%clk 0:00:25]} 83. Kf5 {[%clk 0:00:01]}  Nxe3+ {[%clk 0:00:24]} 84. Kxg5 {[%clk 0:00:00]}  Ng4 {[%clk 0:00:23]} 0-1

[Event "April 9 Late 2024"]
[Site "Chess.com"]
[Date "2024.04.09"]
[Round "6"]
[White "Adla, Diego"]
[Black "Ezat, Mohamed"]
[Result "1-0"]
[Board "61"]
[WhiteFideId "100072"]
[BlackFideId "10600906"]
[WhiteTitle "IM"]
[BlackTitle "IM"]
[WhiteElo "2678"]
[BlackElo "2531"]
[WhiteTeam "ARG"]
[BlackTeam "EGY"]
[WhiteClock "0:00:31"]
[BlackClock "0:00:00"]
[Variant "Standard"]

1. Nf3 {[%clk 0:03:00]}  Nf6 {[%clk 0:02:59]} 2. g3 {[%clk 0:03:01]}  g6 {[%clk 0:02:58]} 3. b3 {[%clk 0:03:01]}  Bg7 {[%clk 0:02:59]} 4. Bb2 {[%clk 0:03:01]}  O-O {[%clk 0:02:59]} 5. Bg2 {[%clk 0:02:59]}  d6 {[%clk 0:03:00]} 6. d4 {[%clk 0:02:58]}  e5 {[%clk 0:03:00]} 7. dxe5 {[%clk 0:02:57]}  Nfd7 {[%clk 0:03:00]} 8. Nc3 {[%clk 0:02:55]}  Nxe5 {[%clk 0:02:58]} 9. Nxe5 {[%clk 0:02:50]}  Bxe5 {[%clk 0:02:57]} 10. Qd2 {[%clk 0:02:50]}  Nc6 {[%clk 0:02:56]} 11. O-O-O {[%clk 0:02:46]}  a5 {[%clk 0:02:55]} 12. f4 {[%clk 0:02:44]}  Bg7 {[%clk 0:02:50]} 13. Nd5 {[%clk 0:02:41]}  Bxb2+ {[%clk 0:02:47]} 14. Kxb2 {[%clk 0:02:41]}  Be6 {[%clk 0:02:46]} 15. e4 {[%clk 0:02:38]}  a4 {[%clk 0:02:44]} 16. Qc3 {[%clk 0:02:36]}  axb3 {[%clk 0:01:51]} 17. axb3 {[%clk 0:02:35]}  Bxd5 {[%clk 0:01:50]} 18. exd5 {[%clk 0:02:36]}  Ne7 {[%clk 0:01:50]} 19. g4 {[%clk 0:02:20]}  c6 {[%clk 0:01:40]} 20. dxc6 {[%clk 0:02:18]}  bxc6 {[%clk 0:01:39]} 21. f5 {[%clk 0:02:18]}  Nd5 {[%clk 0:01:14]} 22. Bxd5 {[%clk 0:02:16]}  cxd5 {[%clk 0:01:14]} 23. Rxd5 {[%clk 0:02:16]}  Qh4 {[%clk 0:01:09]} 24. Qd4 {[%clk 0:02:12]}  Rfc8 {[%clk 0:01:01]} 25. Rxd6 {[%clk 0:01:49]}  Qe7 {[%clk 0:01:00]} 26. Rd1 {[%clk 0:01:44]}  Qe2 {[%clk 0:00:58]} 27. Rc1 {[%clk 0:00:38]}  Qxh2 {[%clk 0:00:51]} 28. Rd7 {[%clk 0:00:39]}  Qe2 {[%clk 0:00:19]} 29. fxg6 {[%clk 0:00:35]}  hxg6 {[%clk 0:00:18]} 30. Qd5 {[%clk 0:00:34]}  Qf2 {[%clk 0:00:00]} 31. g5 {[%clk 0:00:31]} 1-0